| 000 | 00598cam a22002052 4500 | ||
|---|---|---|---|
| 001 | 0000003135 | ||
| 005 | 20151217161132.0 | ||
| 008 | 070430s xx 000 0 eng d | ||
| 020 |
_a0761973400 : _cKES 9,840 |
||
| 040 |
_aKABU _cKABU |
||
| 050 | 0 |
_aHM623 _b.B37 |
|
| 100 | 1 |
_aBarker, Chris. _@0000152793 |
|
| 245 | 1 | 4 | _aThe SAGE dictionary of cultural studies. |
| 260 |
_aLondon : _bSage, _c2004. |
||
| 300 | _axxi, 211 p. | ||
| 650 | 0 |
_aCulture _xStudy and teaching. _vDictionaries. _@0000152794 |
|
| 908 | _a070430 | ||
| 950 | _@1 | ||
| 999 |
_c14933 _d14933 |
||